000 00557nam a22002177a 4500
003 UA-OsUOA
001 46690
007 ta
008 20070704b un ||||| |||| 00| 0 ukr d
090 _a821.161.1
_bМ74
942 _cBK
040 _aUA-OsUOA
_brus
_cUA-OsUOA
_dUA-OsUOA
245 _aМой лучший рассказ
_b70 - 80-е годы
300 _a607 с.
955 _a3
041 _arus
080 _a821.161.1
260 _aМ.
_c1988
650 7 _a82 Література. Літературознавство
_2UDC
999 _c332784
_d332784